00470nam a2200169Ia 450000500170000000800410001702000150005808200130007310000170008624500210010326000320012430000130015665000130016994200060018295200970018899900150028520250630012419.0240331s9999 xx 000 0 und d a9559714103 bGUNa362 aGunasekara,U 0aLandun ha lamayi bAn Author's Statementc2001 a122 p ., aChildren cL 001040708LaWERCLbWERCLcSSCd2024-03-31l0o 362.8 GUNp4610r2024-03-31w2024-03-31yL c5114d5114